Acta Logistica Moravica periodický internetový časopis v oboru logistiky
Gespeichert in:
| Format: | Schriftenreihe |
|---|---|
| Sprache: | Tschechisch Englisch |
| Veröffentlicht: |
Přerov
Vysoká škola logistiky
|
| Tags: |
Keine Tags, Fügen Sie das erste Tag hinzu!
|
MARC
| LEADER | 00000nls a2200000 4500 | ||
|---|---|---|---|
| 001 | 0270531 | ||
| 005 | 20260212142232.1 | ||
| 022 | |a 1804-8315 | ||
| 041 | 0 | |a cze | |
| 041 | 0 | |a eng | |
| 044 | |a CZ | ||
| 245 | 1 | 0 | |a Acta Logistica Moravica |b periodický internetový časopis v oboru logistiky |
| 264 | 1 | |a Přerov |b Vysoká škola logistiky | |